Normal view
MARC view
Entry Personal Name
001 - CONTROL NUMBER
- control field: 8592
003 - CONTROL NUMBER IDENTIFIER
- control field: OSt
005 - DATE AND TIME OF LATEST TRANSACTION
- control field: 20190819113452.0
008 - FIXED-LENGTH DATA ELEMENTS
- fixed length control field: 190819|| aca||aabn | a|a d
040 ## - CATALOGING SOURCE
- Original cataloging agency: OSt
- Transcribing agency: OSt
100 ## - HEADING--PERSONAL NAME
- Personal name: Tank, Harsh B.
670 ## - SOURCE DATA FOUND
- Source citation: Work cat.: (OSt): Tank, Harsh B., Re-configuring higher education in the context of 21st century India, 2019
